[Event "BL2-West 0809"]
[Site "Germany"]
[Date "2009.03.01"]
[Round "7.7"]
[White "Hainke, Guntram"]
[Black "Herges, Udo"]
[Result "1-0"]
[WhiteElo "2275"]
[BlackElo "2085"]
[PlyCount "61"]
[EventDate "2008.10.05"]
[EventType "team-tourn"]
[EventRounds "9"]
[EventCountry "GER"]
[SourceTitle "CBM 129 Extra"]
[Source "ChessBase"]
[SourceDate "2009.05.05"]
[SourceVersion "2"]
[SourceVersionDate "2009.05.20"]
[SourceQuality "1"]
[WhiteTeam "Muenster"]
[BlackTeam "Oberursel"]
[WhiteTeamCountry "GER"]
[BlackTeamCountry "GER"]

1. d4 e6 2. c4 b6 3. Nf3 Bb7 4. Nc3 Nf6 5. a3 d5 6. cxd5 Nxd5 7. Qc2 Nxc3 8. bxc3 c5 9. e4 Nd7 10. Bd3 Qc7 11. Be3 Rc8 12. Qd2 c4 13. Bc2 Nf6 14. Bf4 Qd8 15. Qe2 b5 16. 0-0 Be7 17. Rfb1 a6 18. a4 0-0 19. axb5 axb5 20. Rxb5 Ra8 21. Rab1 Bc6 22. Rb6 Ba4 23. Ne5 Nd7 24. Nc6 Nxb6 25. Nxd8 Bxc2 26. Qxc2 Bxd8 27. h3 f5 28. Qe2 Ra6 29. exf5 exf5 30. Bd6 Nd5 31. Bxf8 1-0

[Event "BL2-West 0809"]
[Site "Germany"]
[Date "2009.01.18"]
[Round "5.8"]
[White "Herges, Udo"]
[Black "Pirrot, Dieter"]
[Result "0-1"]
[WhiteElo "2085"]
[BlackElo "2445"]
[PlyCount "58"]
[EventDate "2008.10.05"]
[EventType "team-tourn"]
[EventRounds "9"]
[EventCountry "GER"]
[SourceTitle "CBM 129 Extra"]
[Source "ChessBase"]
[SourceDate "2009.05.05"]
[SourceVersion "2"]
[SourceVersionDate "2009.05.20"]
[SourceQuality "1"]
[WhiteTeam "Oberursel"]
[BlackTeam "Hofheim"]
[WhiteTeamCountry "GER"]
[BlackTeamCountry "GER"]

1. e4 e5 2. Bc4 d6 3. Nc3 Nf6 4. d3 c6 5. f4 Be7 6. Nf3 exf4 7. Bxf4 0-0 8. Bb3 d5 9. 0-0 a5 10. exd5 cxd5 11. d4 Nc6 12. Kh1 Bg4 13. h3 Bh5 14. Qd3 Bb4 15. a3 Bxc3 16. Qxc3 a4 17. Ba2 Rc8 18. Qd3 Bxf3 19. Rxf3 Qb6 20. Be3 Qxb2 21. Raf1 Ne7 22. Bb1 Ne4 23. Bd2 Nc6 24. Be3 Ne7 25. Bd2 f6 26. Bb4 Rfe8 27. c3 Nc6 28. Qb5 Nxb4 29. cxb4 Qxd4 0-1

[Event "Oberliga Ost-B 0708"]
[Site "Germany"]
[Date "2008.04.20"]
[Round "11.6"]
[White "Schaffarczyk, Andre"]
[Black "Herges, Udo"]
[Result "0-1"]
[WhiteElo "2134"]
[BlackElo "2082"]
[PlyCount "60"]
[EventDate "2007.10.07"]
[EventType "team-tourn"]
[EventRounds "11"]
[EventCountry "GER"]
[SourceTitle "EXT 2009"]
[Source "ChessBase"]
[SourceDate "2008.11.26"]
[SourceVersion "1"]
[SourceVersionDate "2008.11.26"]
[SourceQuality "1"]
[WhiteTeam "Erfurt Empor"]
[BlackTeam "Oberursel"]
[WhiteTeamCountry "GER"]
[BlackTeamCountry "GER"]

1. e4 e6 2. d4 d5 3. Nc3 dxe4 4. Nxe4 Qd5 5. Bd3 Nf6 6. Qe2 Qxd4 7. Nf3 Qd8 8. Nxf6+ gxf6 9. Bf4 Bd6 10. Bh6 Nc6 11. 0-0-0 Bd7 12. Kb1 Qe7 13. Qd2 Rg8 14. Bxh7 Rh8 15. Bd3 0-0-0 16. h4 Rdg8 17. g3 Rg4 18. Rhe1 e5 19. Be4 f5 20. Bd5 f6 21. Be3 Bc5 22. c3 Bxe3 23. Rxe3 f4 24. gxf4 Rxf4 25. Kc1 Bg4 26. Rg1 Rd8 27. Rd3 Bxf3 28. Bxf3 Rxd3 29. Qxd3 e4 30. Rg8+ Nd8 0-1

[Event "Oberliga Ost-B 0708"]
[Site "Germany"]
[Date "2008.01.20"]
[Round "7.6"]
[White "Herges, Udo"]
[Black "Karabalis, Harilos"]
[Result "0-1"]
[WhiteElo "2082"]
[BlackElo "2253"]
[PlyCount "50"]
[EventDate "2007.10.07"]
[EventType "team-tourn"]
[EventRounds "11"]
[EventCountry "GER"]
[SourceTitle "EXT 2009"]
[Source "ChessBase"]
[SourceDate "2008.11.26"]
[SourceVersion "1"]
[SourceVersionDate "2008.11.26"]
[SourceQuality "1"]
[WhiteTeam "Oberursel"]
[BlackTeam "Frankfurt BvK"]
[WhiteTeamCountry "GER"]
[BlackTeamCountry "GER"]

1. e4 e6 2. d4 d5 3. e5 c5 4. c3 Nc6 5. Nf3 Bd7 6. Bd3 Rc8 7. Be3 Qb6 8. Qd2 cxd4 9. Bxd4 Nxd4 10. Nxd4 Bc5 11. Nb3 Be7 12. 0-0 f6 13. exf6 Nxf6 14. Qe3 Qc7 15. f4 0-0 16. N1d2 Bd6 17. g3 e5 18. fxe5 Bxe5 19. Nf3 Bxg3 20. hxg3 Qxg3+ 21. Kh1 Ne4 22. Bxe4 dxe4 23. Qxe4 Bc6 24. Qe6+ Kh8 25. Nbd4 Rce8 0-1

[Event "Oberliga Ost-B 0607"]
[Site "Germany"]
[Date "2007.02.24"]
[Round "6.5"]
[White "Kirschbaum, Gunnar"]
[Black "Herges, Udo"]
[Result "1-0"]
[WhiteElo "2179"]
[BlackElo "2087"]
[PlyCount "125"]
[EventDate "2006.10.15"]
[EventType "team-tourn"]
[EventRounds "11"]
[EventCountry "GER"]
[SourceTitle "EXT 2008"]
[Source "ChessBase"]
[SourceDate "2007.11.25"]
[SourceVersion "1"]
[SourceVersionDate "2007.11.25"]
[SourceQuality "1"]
[WhiteTeam "Erfurt Medizin"]
[BlackTeam "Oberursel"]
[WhiteTeamCountry "GER"]
[BlackTeamCountry "GER"]

1. d4 e6 2. c4 b6 3. e4 Bb7 4. Bd3 Nc6 5. Nf3 Nb4 6. 0-0 Ne7 7. Re1 Nxd3 8. Qxd3 Ng6 9. Nc3 Be7 10. Ne2 d6 11. d5 Bf6 12. Rb1 0-0 13. b3 Qd7 14. Bg5 Bxg5 15. Nxg5 exd5 16. exd5 h6 17. Nf3 Rae8 18. Ned4 Nf4 19. Qf5 Qxf5 20. Nxf5 Kh7 21. Kf1 Bc8 22. N5d4 a6 23. Rxe8 Rxe8 24. Re1 Rxe1+ 25. Nxe1 Bd7 26. g3 Bh3+ 27. Kg1 Nh5 28. Nd3 g5 29. f3 Bc8 30. Nc6 Kg7 31. Kf2 Kf6 32. Ke3 Ng7 33. g4 h5 34. Nf2 Bd7 35. Ne4+ Kg6 36. Ne7+ Kh6 37. Ng8+ Kg6 38. Nef6 Bc8 39. Nxh5 Nxh5 40. Ne7+ Kf6 41. Nxc8 Nf4 42. Na7 Ng2+ 43. Ke4 Ke7 44. Nc6+ Ke8 45. Nb4 a5 46. Nd3 Ke7 47. a3 Kf6 48. b4 axb4 49. Nxb4 Ke7 50. Nc6+ Kf6 51. Nd4 Ke7 52. a4 Ke8 53. Nc6 Kf8 54. a5 bxa5 55. Nxa5 Ke7 56. Nc6+ Kf6 57. Nd4 Ke7 58. Kf5 Ne3+ 59. Kxg5 Nxc4 60. Nc6+ Kf8 61. h4 Nb6 62. Nb4 Kg7 63. h5 1-0

[Event "Oberliga Ost-B 0607"]
[Site "Germany"]
[Date "2006.12.10"]
[Round "4.6"]
[White "Herges, Udo"]
[Black "Krahe, Frank"]
[Result "0-1"]
[WhiteElo "2087"]
[BlackElo "2236"]
[PlyCount "66"]
[EventDate "2006.10.15"]
[EventType "team-tourn"]
[EventRounds "11"]
[EventCountry "GER"]
[SourceTitle "EXT 2008"]
[Source "ChessBase"]
[SourceDate "2007.11.25"]
[SourceVersion "1"]
[SourceVersionDate "2007.11.25"]
[SourceQuality "1"]
[WhiteTeam "Oberursel"]
[BlackTeam "Dotzheim"]
[WhiteTeamCountry "GER"]
[BlackTeamCountry "GER"]

1. e4 e5 2. Nc3 Nc6 3. Bc4 Nf6 4. d3 Bb4 5. Bg5 h6 6. Bxf6 Bxc3+ 7. bxc3 Qxf6 8. Ne2 g5 9. d4 d6 10. Rb1 Ne7 11. Ng3 b6 12. 0-0 h5 13. Qd3 h4 14. dxe5 dxe5 15. Rbd1 Kf8 16. Qd8+ Kg7 17. Qxc7 Bg4 18. Rd6 Rac8 19. Rxf6 Rxc7 20. Rxf7+ Kg6 21. f3 Bc8 22. Ne2 Re8 23. Bb3 Ba6 24. Kf2 Bc4 25. Rxe7 Rexe7 26. Rd1 b5 27. Rd6+ Kg7 28. Ke3 Red7 29. Rd2 Rxd2 30. Kxd2 Bxe2 31. Kxe2 h3 32. gxh3 Rxc3 33. h4 gxh4 0-1

[Event "Oberliga Ost-B 0506"]
[Site "Germany"]
[Date "2006.01.29"]
[Round "7.1"]
[White "Galdunts, Sergey"]
[Black "Herges, Udo"]
[Result "1-0"]
[WhiteElo "2486"]
[BlackElo "2138"]
[PlyCount "85"]
[EventDate "2005.11.13"]
[EventType "team-tourn"]
[EventRounds "11"]
[EventCountry "GER"]
[SourceTitle "EXT 2007"]
[Source "ChessBase"]
[SourceDate "2006.11.23"]
[SourceVersion "1"]
[SourceVersionDate "2006.11.23"]
[SourceQuality "1"]
[WhiteTeam "Moerlenbach"]
[BlackTeam "Frankfurt FTG"]
[WhiteTeamCountry "GER"]
[BlackTeamCountry "GER"]

1. e4 e6 2. d3 d5 3. Qe2 Nf6 4. Nf3 Be7 5. g3 0-0 6. Bg2 c5 7. 0-0 Nc6 8. e5 Nd7 9. c4 a6 10. h4 h6 11. Re1 b5 12. Bf4 Nb6 13. Nbd2 Bb7 14. b3 Nb4 15. Red1 dxc4 16. dxc4 Qd3 17. Bf1 Rfd8 18. Ne1 Qxe2 19. Bxe2 g5 20. hxg5 hxg5 21. Be3 Kg7 22. Rdc1 Nd7 23. f4 f6 24. Nef3 g4 25. Nh2 fxe5 26. Nxg4 exf4 27. Bxf4 Nf6 28. Ne5 Nc6 29. Bf3 Nxe5 30. Bxb7 Ra7 31. Bxe5 Rxd2 32. Bc6 Kg6 33. Bb8 Ng4 34. Bxa7 Bf6 35. Bxc5 Bxa1 36. Rxa1 bxc4 37. bxc4 Kf5 38. Rf1+ Ke5 39. a4 Rc2 40. Re1+ Kf6 41. Re4 Rc1+ 42. Kg2 Rc2+ 43. Kh3 1-0

[Event "Oberliga Ost-B 0405"]
[Site "Germany"]
[Date "2005.01.15"]
[Round "6.3"]
[White "Sieber, Stephan"]
[Black "Herges, Udo"]
[Result "1/2-1/2"]
[WhiteElo "2204"]
[BlackElo "2170"]
[PlyCount "61"]
[EventDate "2004.10.10"]
[EventType "team-tourn"]
[EventRounds "11"]
[EventCountry "GER"]
[SourceTitle "EXT 2006"]
[Source "ChessBase"]
[SourceDate "2005.11.24"]
[SourceVersion "1"]
[SourceVersionDate "2005.11.24"]
[SourceQuality "1"]
[WhiteTeam "Erfurt Empor"]
[BlackTeam "Frankfurt FTG"]
[WhiteTeamCountry "GER"]
[BlackTeamCountry "GER"]

1. e4 e6 2. d4 d5 3. Nc3 Nf6 4. e5 Nfd7 5. f4 c5 6. Nf3 Nc6 7. Be3 cxd4 8. Nxd4 Bc5 9. Qd2 Nxd4 10. Bxd4 Bxd4 11. Qxd4 Qb6 12. Nb5 Qxd4 13. Nxd4 Ke7 14. 0-0-0 Nc5 15. Bd3 Bd7 16. g4 h5 17. h3 Rac8 18. Kd2 Na4 19. Kc1 Nc5 20. Kb1 a6 21. Rde1 Nxd3 22. cxd3 Bb5 23. Nxb5 axb5 24. g5 Rc6 25. Rc1 Rhc8 26. Rxc6 bxc6 27. b4 Ra8 28. Kb2 Ra4 29. Kb3 g6 30. a3 Kd7 31. Rc1 1/2-1/2

[Event "Oberliga Ost-B 0405"]
[Site "Germany"]
[Date "2004.12.12"]
[Round "5.3"]
[White "Herges, Udo"]
[Black "Ochs, Holger"]
[Result "1/2-1/2"]
[WhiteElo "2170"]
[BlackElo "2187"]
[PlyCount "88"]
[EventDate "2004.10.10"]
[EventType "team-tourn"]
[EventRounds "11"]
[EventCountry "GER"]
[SourceTitle "EXT 2006"]
[Source "ChessBase"]
[SourceDate "2005.11.24"]
[SourceVersion "1"]
[SourceVersionDate "2005.11.24"]
[SourceQuality "1"]
[WhiteTeam "Frankfurt FTG"]
[BlackTeam "Frankfurt BvK"]
[WhiteTeamCountry "GER"]
[BlackTeamCountry "GER"]

1. d4 d5 2. Nf3 Nc6 3. g3 Bg4 4. Bg2 e6 5. c4 dxc4 6. Qa4 Bb4+ 7. Bd2 Bxf3 8. Bxf3 Bxd2+ 9. Nxd2 Nge7 10. e3 0-0 11. Qxc4 a5 12. a3 a4 13. Rc1 Ra5 14. 0-0 e5 15. d5 Nxd5 16. b4 axb3 17. Nxb3 Nb6 18. Qxc6 bxc6 19. Nxa5 Qa8 20. Rc5 Nd7 21. Nxc6 Nxc5 22. Ne7+ Kh8 23. Bxa8 Rxa8 24. Rc1 Ne6 25. f4 exf4 26. gxf4 g6 27. Rc3 c5 28. Kf2 Kg7 29. Kf3 f5 30. Nc6 Kf6 31. Ne5 Ra5 32. Nc4 Ra4 33. Nb6 Ra6 34. Nd7+ Ke7 35. Nxc5 Nxc5 36. Rxc5 Rxa3 37. Rc7+ Kf6 38. Rxh7 Ra2 39. h4 Ra4 40. Rb7 Rc4 41. Rb6+ Kg7 42. Ra6 Kh6 43. Re6 Rc3 44. Re7 Rc1 1/2-1/2

[Event "Rhein Main op 07th"]
[Site "Bad Homburg"]
[Date "2004.06.11"]
[Round "4.17"]
[White "Herges, Udo"]
[Black "Hoffmann, Werner"]
[Result "1/2-1/2"]
[WhiteElo "2008"]
[BlackElo "1816"]
[PlyCount "90"]
[EventDate "2004.06.09"]
[EventType "swiss"]
[EventRounds "7"]
[EventCountry "GER"]
[SourceTitle "CBM 100 Extra"]
[Source "ChessBase"]
[SourceDate "2004.07.06"]
[SourceVersion "2"]
[SourceVersionDate "2004.07.06"]
[SourceQuality "1"]

1. e4 d6 2. Nc3 e5 3. Bc4 Nf6 4. d3 Be7 5. f4 Bg4 6. Nf3 exf4 7. Bxf4 0-0 8. h3 Be6 9. Qd2 Bxc4 10. dxc4 Nh5 11. 0-0-0 Nc6 12. Be3 g6 13. g4 Ng7 14. Nd5 Rc8 15. Qc3 f6 16. Bh6 Rf7 17. Rhf1 Ne5 18. g5 Nxf3 19. Rxf3 f5 20. h4 Nh5 21. exf5 gxf5 22. Re1 Qd7 23. Rfe3 Bf8 24. Bxf8 Rcxf8 25. Ne7+ Rxe7 26. Rxe7 Qc6 27. Qe3 Qxc4 28. g6 hxg6 29. Rg1 Rf6 30. Kb1 Qf4 31. Re8+ Kg7 32. Qb3 Rf7 33. Qc3+ Nf6 34. h5 g5 35. Re6 Qh4 36. h6+ Qxh6 37. Qe3 g4 38. Qd3 Qg5 39. Rf1 Kg6 40. b3 b6 41. Rh1 g3 42. Rh8 Rg7 43. Rf8 Rf7 44. Rg8+ Rg7 45. Rf8 Rf7 1/2-1/2

[Event "Bayern-chI Bank Hofmann 7th"]
[Site "Bad Wiessee"]
[Date "2003.11.09"]
[Round "2"]
[White "Herges, Udo"]
[Black "Eingorn, Vereslav S"]
[Result "0-1"]
[WhiteElo "2123"]
[BlackElo "2607"]
[PlyCount "54"]
[EventDate "2003.11.08"]
[EventType "swiss"]
[EventRounds "9"]
[EventCountry "GER"]
[SourceTitle "EXT 2004"]
[Source "ChessBase"]
[SourceDate "2003.11.25"]
[SourceVersion "1"]
[SourceVersionDate "2003.11.25"]
[SourceQuality "1"]

1. e4 c5 2. Nf3 e6 3. d3 d5 4. Qe2 Nc6 5. g3 b6 6. Bg2 Bb7 7. c3 Nf6 8. e5 Nd7 9. 0-0 Be7 10. h4 h6 11. Re1 g5 12. h5 Qc7 13. Bh3 d4 14. Na3 Rd8 15. Bd2 dxc3 16. bxc3 Ndb8 17. Nb5 Qd7 18. Bf1 a6 19. Na3 Na5 20. c4 g4 21. Nh2 Qc6 22. f3 gxf3 23. Qf2 Rg8 24. Bxh6 Bh4 25. Bf4 Rd4 26. Re4 Rxe4 27. dxe4 Qxe4 0-1